[Event "Titled Tuesday intern op 23rd Apr Late"]
[Site "Chess.com INT"]
[Date "2024.04.23"]
[Round "6"]
[White "Skrondal, Inge Sandstad"]
[Black "Mena, Martin"]
[Result "1-0"]
[WhiteElo "2290"]
[BlackElo "1971"]
[PlyCount "45"]
[EventDate "2024.04.23"]
[EventType "swiss (blitz)"]
[EventRounds "11"]
[EventCountry "USA"]
[SourceTitle "CB18_2024"]
[SourceDate "2024.05.01"]
[SourceVersion "1"]
[SourceVersionDate "2024.05.01"]
[SourceQuality "2"]

1. d4 d5 2. c4 e6 3. Nc3 Nf6 4. cxd5 exd5 5. Bg5 Be7 6. e3 0-0 7. Bd3 Nbd7 8. Qc2 c6 9. Nge2 Re8 10. 0-0 Nf8 11. Rae1 Ne4 12. Bf4 f5 13. f3 Nd6 14. h3 Bg5 15. Bxg5 Qxg5 16. Nf4 Ng6 17. Nxg6 Qxg6 18. e4 fxe4 19. fxe4 dxe4 20. Nxe4 Nxe4 21. Bxe4 Qh5 22. Bxh7+ Kh8 23. Bg6 1-0

[Event "NOR-ch"]
[Site "Larvik"]
[Date "2019.07.11"]
[Round "7"]
[White "Skrondal, Inge Sandstad"]
[Black "Mikalsen, Erlend"]
[Result "1/2-1/2"]
[WhiteElo "2312"]
[BlackElo "2404"]
[PlyCount "23"]
[EventDate "2019.07.05"]
[EventType "swiss"]
[EventRounds "9"]
[EventCountry "NOR"]
[SourceTitle "CBM 191 Extra"]
[Source "ChessBase"]
[SourceDate "2019.09.30"]
[SourceVersion "1"]
[SourceVersionDate "2019.09.30"]
[SourceQuality "1"]

1. Nf3 d5 2. d4 Nf6 3. c4 e6 4. Nc3 Be7 5. Bf4 0-0 6. e3 Nbd7 7. a3 dxc4 8. Bxc4 a6 9. Ba2 b5 10. d5 exd5 11. Nxd5 Nxd5 12. Qxd5 1/2-1/2

[Event "NOR-chT 1819"]
[Site "Norway"]
[Date "2019.03.10"]
[Round "9.5"]
[White "Skrondal, Inge Sandstad"]
[Black "Soderstrom, Adrian"]
[Result "1-0"]
[WhiteElo "2270"]
[BlackElo "2023"]
[PlyCount "123"]
[EventDate "2018.11.02"]
[EventType "team-tourn"]
[EventRounds "9"]
[EventCountry "NOR"]
[SourceTitle "CBM 189 Extra"]
[Source "ChessBase"]
[SourceDate "2019.06.03"]
[SourceVersion "1"]
[SourceVersionDate "2019.06.03"]
[SourceQuality "1"]
[WhiteTeam "Akademisk"]
[BlackTeam "Hell"]
[WhiteTeamCountry "NOR"]
[BlackTeamCountry "NOR"]

1. d4 Nf6 2. Nf3 g6 3. c4 Bg7 4. Nc3 0-0 5. e4 d6 6. Be2 e5 7. d5 Na6 8. 0-0 Nc5 9. Qc2 a5 10. Bg5 h6 11. Be3 b6 12. Nd2 Bg4 13. Qd1 Bxe2 14. Qxe2 Qd7 15. b3 Nh5 16. g3 Qh3 17. f3 g5 18. a3 Qd7 19. Kg2 Kh7 20. b4 Nb7 21. Nb3 a4 22. Nc1 Rg8 23. Nd3 Bf8 24. Rf2 Be7 25. Bd2 Nf6 26. Raf1 Rg6 27. Be3 Rag8 28. Qd1 Nh5 29. Qxa4 Qc8 30. Qd1 Nf4+ 31. Kh1 Qh3 32. Rg1 Nh5 33. a4 g4 34. Qf1 Bh4 35. Qxh3 gxh3 36. Ne2 Bg5 37. Bxg5 Rxg5 38. Rff1 Ra8 39. Nc3 Rf8 40. Nf2 Ng7 41. Nxh3 Rh5 42. Kg2 Rg8 43. g4 Ne8 44. Ne2 Rh4 45. Kg3 Rh5 46. Nf2 Rhg5 47. Ra1 f5 48. h4 f4+ 49. Kh3 R5g7 50. Nd3 Nf6 51. Kg2 c5 52. dxc6 Nd8 53. b5 Ra7 54. Nec1 Ne6 55. Nb3 Nc7 56. a5 Rb8 57. axb6 Rxa1 58. Rxa1 Rxb6 59. Ra7 Nfe8 60. Rb7 d5 61. exd5 e4 62. fxe4 1-0

[Event "NOR-chT 1819"]
[Site "Norway"]
[Date "2019.01.11"]
[Round "4.3"]
[White "Aulin Jansson, Joran"]
[Black "Skrondal, Inge Sandstad"]
[Result "0-1"]
[WhiteElo "2274"]
[BlackElo "2270"]
[PlyCount "60"]
[EventDate "2018.11.02"]
[EventType "team-tourn"]
[EventRounds "9"]
[EventCountry "NOR"]
[SourceTitle "CBM 188 Extra"]
[Source "ChessBase"]
[SourceDate "2019.02.26"]
[SourceVersion "1"]
[SourceVersionDate "2019.02.26"]
[SourceQuality "1"]
[WhiteTeam "Asker"]
[BlackTeam "Akademisk"]
[WhiteTeamCountry "NOR"]
[BlackTeamCountry "NOR"]

1. c4 c5 2. Nc3 g6 3. g3 Bg7 4. Bg2 Nc6 5. Nf3 e6 6. d3 Nge7 7. 0-0 0-0 8. h4 h6 9. Bd2 b6 10. a3 Bb7 11. Qc1 Kh7 12. Rb1 d6 13. b4 Qd7 14. Re1 Rac8 15. e3 Rfd8 16. Ne2 Ne5 17. Nxe5 dxe5 18. Bxb7 Qxb7 19. bxc5 Rxd3 20. cxb6 axb6 21. Bb4 Nf5 22. Qc2 Rxe3 23. Qd2 Re4 24. h5 Rh4 25. hxg6+ fxg6 26. f3 Qxf3 27. gxh4 Rxc4 28. Ng3 Rg4 29. Qf2 Rxg3+ 30. Kf1 Qg4 0-1

[Event "NOR-chT 1718"]
[Site "Norway"]
[Date "2018.01.12"]
[Round "4.4"]
[White "Johansen, Terje"]
[Black "Skrondal, Inge Sandstad"]
[Result "0-1"]
[WhiteElo "2252"]
[BlackElo "2246"]
[PlyCount "102"]
[EventDate "2017.11.03"]
[EventType "team-tourn"]
[EventRounds "9"]
[EventCountry "NOR"]
[SourceTitle "EXT 2019"]
[Source "ChessBase"]
[SourceDate "2018.10.10"]
[SourceVersion "1"]
[SourceVersionDate "2018.10.10"]
[SourceQuality "1"]
[WhiteTeam "Stavanger"]
[BlackTeam "Akademisk"]
[WhiteTeamCountry "NOR"]
[BlackTeamCountry "NOR"]

1. d4 Nf6 2. Bf4 e6 3. e3 c5 4. c3 Nc6 5. Nd2 d5 6. Ngf3 Be7 7. Bb5 Qb6 8. a4 a6 9. Bxc6+ bxc6 10. a5 Qxb2 11. Qa4 Qb5 12. Qa2 cxd4 13. c4 dxc4 14. Nxd4 Qd5 15. N4f3 Bb4 16. 0-0 Bxd2 17. Nxd2 e5 18. e4 Qd6 19. Bxe5 Qxe5 20. Nxc4 Qe7 21. e5 Nd5 22. Nd6+ Kf8 23. Qc4 Bd7 24. Rfe1 g6 25. f4 Kg7 26. f5 gxf5 27. Ra3 Rhg8 28. Rh3 Kh8 29. Rh5 Rg6 30. Qd4 Be6 31. g3 Qa7 32. Qxa7 Rxa7 33. Rb1 f4 34. Kf2 Ra8 35. Rb7 fxg3+ 36. hxg3 Kg7 37. Ne4 h6 38. Nc5 Bg4 39. Rh1 h5 40. Rf1 Kg8 41. Rfb1 Rg5 42. Rb8+ Rxb8 43. Rxb8+ Kg7 44. Re8 Rf5+ 45. Ke1 Rf3 46. Nxa6 Ra3 47. Nb8 c5 48. Rd8 Nb4 49. a6 Nxa6 50. Nc6 Nb4 51. Ne7 Re3+ 0-1

[Event "NOR-ch rapid"]
[Site "Sandefjord"]
[Date "2017.01.08"]
[Round "7"]
[White "Skrondal, Inge Sandstad"]
[Black "Hammer, Jon Ludvig"]
[Result "0-1"]
[WhiteElo "2277"]
[BlackElo "2628"]
[PlyCount "82"]
[EventDate "2017.01.07"]
[EventType "swiss (rapid)"]
[EventRounds "10"]
[EventCountry "NOR"]
[SourceTitle "CBM 176 Extra"]
[Source "ChessBase"]
[SourceDate "2017.03.02"]
[SourceVersion "1"]
[SourceVersionDate "2017.03.02"]
[SourceQuality "1"]

1. d4 Nf6 2. Nf3 e6 3. c4 d5 4. Nc3 Bb4 5. Bg5 h6 6. Bxf6 Qxf6 7. Qb3 c5 8. cxd5 exd5 9. a3 Bxc3+ 10. Qxc3 c4 11. b3 Be6 12. e3 0-0 13. Be2 Rc8 14. 0-0 Nc6 15. a4 cxb3 16. a5 Qd8 17. a6 b6 18. Qxb3 Qd6 19. Rfb1 Rc7 20. h3 Rac8 21. Bd3 Kf8 22. Qb2 Qe7 23. Kf1 Na5 24. Ke2 Nc4 25. Qb4 Qxb4 26. Rxb4 Nd6 27. g4 g5 28. Nd2 Ke7 29. f3 f6 30. Nf1 Rc1 31. Rbb1 Rxb1 32. Rxb1 Rc3 33. Ra1 Nc4 34. Nd2 Nb2 35. Bb5 Bd7 36. Bxd7 Kxd7 37. Ra2 Rc2 38. e4 b5 39. Ra3 Rxd2+ 40. Kxd2 Nc4+ 41. Kc3 Nxa3 0-1

[Event "Oslo Sveins op 9th"]
[Site "Oslo"]
[Date "2016.06.24"]
[Round "5"]
[White "Huse, Sigurd Kjelsbol"]
[Black "Skrondal, Inge Sandstad"]
[Result "0-1"]
[WhiteElo "1936"]
[BlackElo "2340"]
[PlyCount "62"]
[EventDate "2016.06.24"]
[EventType "swiss"]
[EventRounds "9"]
[EventCountry "NOR"]
[SourceTitle "CBM 173 Extra"]
[Source "ChessBase"]
[SourceDate "2016.08.29"]
[SourceVersion "1"]
[SourceVersionDate "2016.08.29"]
[SourceQuality "1"]

1. e4 c5 2. Nf3 g6 3. d4 cxd4 4. Nxd4 Nc6 5. c4 Bg7 6. Be3 Nf6 7. Nc3 0-0 8. Be2 d6 9. 0-0 Bd7 10. Qd2 Nxd4 11. Bxd4 Bc6 12. f3 a5 13. Rac1 Nd7 14. Be3 Nc5 15. Rfd1 Qb6 16. Nd5 Qd8 17. Bg5 f6 18. Bf4 Rf7 19. Be3 b6 20. Bf4 Ra7 21. Qc2 Rd7 22. b3 e6 23. Nc3 f5 24. exf5 gxf5 25. a3 a4 26. b4 Nb3 27. Rb1 Nd4 28. Qd2 Qh4 29. Bf1 Nb3 30. Qe3 Bxc3 31. Qxc3 Qxf4 0-1

[Event "Oslo Sveins op 9th"]
[Site "Oslo"]
[Date "2016.06.24"]
[Round "6"]
[White "Skrondal, Inge Sandstad"]
[Black "Toby, Albert"]
[Result "1/2-1/2"]
[WhiteElo "2340"]
[BlackElo "2016"]
[PlyCount "187"]
[EventDate "2016.06.24"]
[EventType "swiss"]
[EventRounds "9"]
[EventCountry "NOR"]
[SourceTitle "CBM 173 Extra"]
[Source "ChessBase"]
[SourceDate "2016.08.29"]
[SourceVersion "1"]
[SourceVersionDate "2016.08.29"]
[SourceQuality "1"]

1. Nf3 g6 2. e4 Bg7 3. d4 c5 4. c4 cxd4 5. Nxd4 Qb6 6. Nb3 Nc6 7. Be2 Nf6 8. Nc3 d6 9. Be3 Qc7 10. Rc1 0-0 11. 0-0 Bd7 12. f3 Rfc8 13. Qd2 Ne5 14. Nd4 Qa5 15. b3 Nc6 16. Rfd1 Nxd4 17. Bxd4 Be6 18. Be3 Nd7 19. Bg5 Qd8 20. Bf1 Nc5 21. Re1 Bd7 22. Nd5 Bf8 23. g3 Ne6 24. Be3 Bg7 25. Rb1 Nc7 26. Nc3 Ne8 27. Rec1 Be6 28. Nd5 Nf6 29. Qf2 b6 30. Qd2 Rc6 31. a4 Nd7 32. Nf4 Ne5 33. Nxe6 fxe6 34. Bg2 Qc7 35. Qe2 Rd8 36. Rd1 Qc8 37. Bh3 Kf7 38. Rf1 Rc7 39. Qd2 Rf8 40. f4 Nd7 41. Bxe6+ Ke8 42. Rbd1 Qb7 43. Bd5 Qc8 44. f5 Ne5 45. Bh6 Bxh6 46. Qxh6 gxf5 47. exf5 Rxf5 48. Qxh7 Rxf1+ 49. Rxf1 Qg4 50. Qg8+ Kd7 51. Qxg4+ Nxg4 52. Re1 Ne5 53. Kg2 e6 54. Be4 Rc8 55. Rf1 Ke7 56. h3 Rg8 57. Rf4 Rd8 58. Rh4 d5 59. Rh7+ Kf6 60. cxd5 exd5 61. Bf3 d4 62. Bd1 Rc8 63. Rxa7 Rc1 64. Bh5 Rc2+ 65. Kf1 Rc3 66. Bd1 Kf5 67. Kf2 Nd3+ 68. Ke2 Nb2 69. g4+ Ke4 70. Re7+ Kf4 71. h4 Nxd1 72. Kxd1 Rxb3 73. g5 Rh3 74. g6 Rxh4 75. Kd2 Kf5 76. g7 Rg4 77. Kd3 Kf6 78. Rb7 Ke5 79. Kc4 Rg6 80. Rc7 Kd6 81. Rf7 Ke6 82. Rb7 Ke5 83. Rc7 Kd6 84. Rb7 Ke5 85. Kb4 Ke4 86. Re7+ Kd5 87. Kb5 d3 88. Rd7+ Ke4 89. Kc4 Rc6+ 90. Kb3 Rc8 91. Re7+ Kd4 92. Rd7+ Ke3 93. Rc7 d2 94. Rd7 1/2-1/2

[Event "Oslo Sveins op 9th"]
[Site "Oslo"]
[Date "2016.06.24"]
[Round "2"]
[White "Skrondal, Inge Sandstad"]
[Black "Tryggestad, Linnea Garberg"]
[Result "1-0"]
[WhiteElo "2340"]
[BlackElo "1498"]
[PlyCount "61"]
[EventDate "2016.06.24"]
[EventType "swiss"]
[EventRounds "9"]
[EventCountry "NOR"]
[SourceTitle "CBM 173 Extra"]
[Source "ChessBase"]
[SourceDate "2016.08.29"]
[SourceVersion "1"]
[SourceVersionDate "2016.08.29"]
[SourceQuality "1"]

1. d4 Nf6 2. c4 g6 3. Nc3 d5 4. Nf3 Bg7 5. Bg5 c6 6. e3 0-0 7. Qb3 dxc4 8. Bxc4 Nbd7 9. 0-0 Nb6 10. Be2 Be6 11. Qc2 Nbd5 12. e4 Nb6 13. Rad1 Rc8 14. Rfe1 Bc4 15. Bxc4 Nxc4 16. Na4 Nb6 17. Nc5 Qc7 18. Qc1 Nbd7 19. Nd3 Rfd8 20. a3 b6 21. Bh6 c5 22. d5 Ng4 23. Bxg7 Kxg7 24. Qg5 Ngf6 25. Nf4 h6 26. Qg3 g5 27. e5 Nh7 28. h4 Rg8 29. hxg5 Kf8 30. g6 fxg6 31. Ne6+ 1-0

[Event "Oslo Sveins op 9th"]
[Site "Oslo"]
[Date "2016.06.24"]
[Round "9"]
[White "Tryggestad, Andreas Garberg"]
[Black "Skrondal, Inge Sandstad"]
[Result "1/2-1/2"]
[WhiteElo "2104"]
[BlackElo "2340"]
[PlyCount "24"]
[EventDate "2016.06.24"]
[EventType "swiss"]
[EventRounds "9"]
[EventCountry "NOR"]
[SourceTitle "CBM 173 Extra"]
[Source "ChessBase"]
[SourceDate "2016.08.29"]
[SourceVersion "1"]
[SourceVersionDate "2016.08.29"]
[SourceQuality "1"]

1. e4 c5 2. c3 Nf6 3. e5 Nd5 4. d4 cxd4 5. Nf3 e6 6. cxd4 d6 7. Bc4 Nc6 8. 0-0 Be7 9. Bd2 0-0 10. Nc3 dxe5 11. dxe5 Nb6 12. Bb3 Nd4 1/2-1/2

[Event "Blaafarvevarket op"]
[Site "Blaafarvevarket"]
[Date "2016.05.29"]
[Round "4"]
[White "Vestby Ellingsen, Mads"]
[Black "Skrondal, Inge Sandstad"]
[Result "0-1"]
[WhiteElo "1987"]
[BlackElo "2302"]
[PlyCount "50"]
[EventDate "2016.05.28"]
[EventType "swiss"]
[EventRounds "5"]
[EventCountry "NOR"]
[SourceTitle "EXT 2017"]
[Source "ChessBase"]
[SourceDate "2016.10.25"]
[SourceVersion "1"]
[SourceVersionDate "2016.10.25"]
[SourceQuality "1"]

1. e4 c5 2. Nf3 g6 3. d4 cxd4 4. Qxd4 Nf6 5. e5 Nc6 6. Qa4 Nd5 7. Qe4 Nb6 8. Nc3 d5 9. exd6 Bf5 10. Qe2 Qxd6 11. Bd2 Bg7 12. 0-0-0 0-0 13. g3 Rfc8 14. a3 Na5 15. Nh4 Nbc4 16. Nxf5 gxf5 17. Qd3 Qb6 18. b4 Nxd2 19. bxa5 Nb3+ 20. cxb3 Qxa5 21. b4 Qxa3+ 22. Kd2 Qb2+ 23. Ke3 Rxc3 24. Bh3 e6 25. Rb1 Rxd3+ 0-1

[Event "Oslo Akademisk CC-ch"]
[Site "Oslo"]
[Date "2016.04.21"]
[Round "5"]
[White "Skrondal, Inge Sandstad"]
[Black "Leiknes, Erlend"]
[Result "1-0"]
[WhiteElo "2279"]
[BlackElo "1539"]
[PlyCount "51"]
[EventDate "2016.03.20"]
[EventType "tourn"]
[EventRounds "11"]
[EventCountry "NOR"]
[SourceTitle "EXT 2024"]
[Source "ChessBase"]
[SourceDate "2023.10.10"]
[SourceVersion "1"]
[SourceVersionDate "2023.10.10"]
[SourceQuality "1"]

1. d4 Nf6 2. c4 c5 3. d5 b5 4. cxb5 a6 5. Nc3 d6 6. e4 Nbd7 7. a4 g6 8. Nf3 Bg7 9. Ra3 0-0 10. Be2 Ng4 11. Nd2 Nde5 12. h3 Nf6 13. 0-0 axb5 14. axb5 Rb8 15. Nb3 Qb6 16. Na5 Ra8 17. Nc6 Rxa3 18. Nxe7+ Kh8 19. bxa3 Bb7 20. Nc6 Nfd7 21. Bd2 f5 22. a4 c4 23. exf5 Rxf5 24. Ne4 Nd3 25. Bxd3 cxd3 26. Ba5 1-0

[Event "Buskerud-ch"]
[Site "Drammen"]
[Date "2016.04.10"]
[Round "4"]
[White "Tari, Aryan"]
[Black "Skrondal, Inge Sandstad"]
[Result "1-0"]
[WhiteElo "2549"]
[BlackElo "2270"]
[PlyCount "53"]
[EventDate "2016.04.09"]
[EventType "swiss"]
[EventRounds "5"]
[EventCountry "NOR"]
[SourceTitle "EXT 2018"]
[Source "ChessBase"]
[SourceDate "2017.10.13"]
[SourceVersion "1"]
[SourceVersionDate "2017.10.13"]
[SourceQuality "1"]

1. e4 c5 2. Nf3 Nc6 3. Bb5 g6 4. Bxc6 bxc6 5. 0-0 Bg7 6. Re1 e5 7. c3 d6 8. h3 Nf6 9. d4 cxd4 10. cxd4 exd4 11. Nxd4 Qc7 12. Nc3 0-0 13. Bf4 Nh5 14. Be3 Qb7 15. Qd2 Re8 16. Rac1 a6 17. Nde2 Qb4 18. a3 Qb8 19. Red1 Bf8 20. Na4 Qb5 21. Nb6 Rb8 22. b4 Nf6 23. a4 Qh5 24. Ng3 Qe5 25. Bd4 Nxe4 26. Nxe4 Qxe4 27. Re1 1-0

[Event "NOR-ch"]
[Site "Oslo"]
[Date "2015.07.08"]
[Round "6"]
[White "Skrondal, Inge Sandstad"]
[Black "Moen, Andreas"]
[Result "1/2-1/2"]
[WhiteElo "2271"]
[BlackElo "2361"]
[PlyCount "21"]
[EventDate "2015.07.04"]
[EventType "swiss"]
[EventRounds "9"]
[EventCountry "NOR"]
[SourceTitle "CBM 167 Extra"]
[Source "ChessBase"]
[SourceDate "2015.09.14"]
[SourceVersion "1"]
[SourceVersionDate "2015.09.14"]
[SourceQuality "1"]

1. d4 d5 2. Nf3 c5 3. c4 e6 4. cxd5 exd5 5. Nc3 Nf6 6. Bg5 Be7 7. dxc5 0-0 8. e3 Be6 9. Nd4 Bxc5 10. Be2 Nc6 11. 0-0 1/2-1/2

[Event "NOR-chT 1213"]
[Site "Norway"]
[Date "2012.11.03"]
[Round "2"]
[White "Skrondal, Inge Sandstad"]
[Black "Kvisvik, Brede Alexander"]
[Result "1-0"]
[WhiteElo "2249"]
[BlackElo "2316"]
[PlyCount "85"]
[EventDate "2012.11.02"]
[EventType "team-tourn"]
[EventRounds "9"]
[EventCountry "NOR"]
[SourceTitle "EXT 2013"]
[Source "ChessBase"]
[SourceDate "2012.11.22"]
[SourceVersion "1"]
[SourceVersionDate "2012.11.22"]
[SourceQuality "1"]
[WhiteTeam "Akademisk"]
[BlackTeam "Kristiansund"]
[WhiteTeamCountry "NOR"]
[BlackTeamCountry "NOR"]

1. d4 Nf6 2. Nf3 g6 3. c4 c5 4. Nc3 cxd4 5. Nxd4 Bg7 6. g3 Nc6 7. Bg2 0-0 8. 0-0 Ng4 9. e3 Nh6 10. Nce2 Ne5 11. b3 d6 12. Bb2 a5 13. Qd2 Nd7 14. Nb5 Bxb2 15. Qxb2 Nc5 16. Ned4 Ng4 17. a3 Qb6 18. Rab1 Bd7 19. Nc3 Nf6 20. Qe2 Rfb8 21. Rfc1 Qd8 22. h3 Ra6 23. Rd1 Qc8 24. Kh2 Bc6 25. Nxc6 bxc6 26. b4 axb4 27. axb4 Na4 28. Nxa4 Rxa4 29. b5 cxb5 30. cxb5 Qe6 31. b6 Ra2 32. Rd2 Rxd2 33. Qxd2 d5 34. b7 Qc6 35. Qb4 e6 36. Kg1 h5 37. Kh2 Kg7 38. Qb2 Qc7 39. e4 dxe4 40. Bxe4 h4 41. Bg2 hxg3+ 42. fxg3 Qd8 43. Rf1 1-0

[Event "NOR-chT 1112"]
[Site "Norway"]
[Date "2012.01.14"]
[Round "5"]
[White "Notkevich, Benjamin Arvola"]
[Black "Skrondal, Inge Sandstad"]
[Result "1/2-1/2"]
[WhiteElo "2232"]
[BlackElo "2235"]
[PlyCount "87"]
[EventDate "2011.11.04"]
[EventType "team-tourn"]
[EventRounds "9"]
[EventCountry "NOR"]
[SourceTitle "EXT 2013"]
[Source "ChessBase"]
[SourceDate "2012.11.22"]
[SourceVersion "1"]
[SourceVersionDate "2012.11.22"]
[SourceQuality "1"]
[WhiteTeam "Tromsoe"]
[BlackTeam "Oslo Akademisk"]
[WhiteTeamCountry "NOR"]
[BlackTeamCountry "NOR"]

1. e4 Nf6 2. e5 Nd5 3. d4 d6 4. Nf3 dxe5 5. Nxe5 c6 6. Be2 Bf5 7. 0-0 Nd7 8. Nd3 e6 9. Nd2 Bd6 10. c4 N5f6 11. Nf3 h6 12. b3 0-0 13. Bb2 Qe7 14. a4 c5 15. Re1 Rfd8 16. Bf1 Qf8 17. Qe2 Ne4 18. Rad1 Bh7 19. g3 cxd4 20. Nxd4 Ndc5 21. Nxc5 Nxc5 22. Bg2 Be7 23. Qe3 Rab8 24. Rd2 e5 25. Qxe5 Bf6 26. Qe2 Re8 27. Qf1 Rxe1 28. Qxe1 Nd3 29. Qd1 Nxb2 30. Rxb2 Rd8 31. Rd2 Qb4 32. Bd5 Bg6 33. Nc2 Qxb3 34. Ne3 Qxd1+ 35. Rxd1 b6 36. Ng4 Kf8 37. Nxf6 gxf6 38. Ra1 Bf5 39. a5 Be6 40. Bxe6 fxe6 41. axb6 axb6 42. Ra6 Rd1+ 43. Kg2 Rb1 44. Ra7 1/2-1/2